000 00399nam a2200157Ia 4500
003 GCL
008 140319s9999 xx 000 0 ara d
040 _aGCL /
_cGCL
082 0 4 _aط
_b813.081
_bع ا
245 1 0 _aيوم القدس
490 _aايام العرب
_v0
650 0 4 _aالقصص العربية
650 0 4 _aالقصص التاريخية
650 0 4 _aالقدس
942 _2ddc
_cBK
999 _c43123
_d43123